Statistics for Rolling Stone's Top 500 Songs of All Time

Click here to take the quiz!

General Stats

  • This quiz has been taken 421 times
  • The average score is 128 of 500

Answer Stats

PlacementArtist/GroupAnswer% Correct
#3John LennonImagine
90%
#9NirvanaSmells Like Teen Spirit
85%
#5Aretha FranklinRespect
83%
#8The BeatlesHey Jude
79%
#49EaglesHotel California
79%
#166QueenBohemian Rhapsody
78%
#144Prince and the RevolutionPurple Rain
77%
#31Led ZeppelinStairway To Heaven
77%
#58Michael JacksonBillie Jean
75%
#1Bob DylanLike A Rolling Stone
72%
#13The BeatlesYesterday
72%
#19Elvis PresleyHound Dog
68%
#296Eminem feat. DidoStan
68%
#85Patsy ClineCrazy
67%
#100Gnarls BarkleyCrazy
67%
#20The BeatlesLet It Be
67%
#280Bruce SpringsteenBorn in the U.S.A.
65%
#174AbbaDancing Queen
65%
#6The Beach BoysGood Vibrations
65%
#67Elvis PresleyJailhouse Rock
64%
#407Lynyrd SkynyrdSweet Home Alabama
64%
#198Guns n' RosesSweet Child O'Mine
63%
#7Chuck BerryJohnny B Goode
62%
#36U2One
62%
#191Bee GeesStayin' Alive
62%
#48Simon And GarfunkelBridge Over Troubled Water
60%
#84The PoliceEvery Breath You Take
60%
#27Derek And The DominoesLayla
60%
#11The WhoMy Generation
60%
#17The Jimi Hendrix ExperiencePurple Haze
60%
#87Johnny CashRing of Fire
60%
#26Otis Redding(Sittin' on) the Dock of the Bay
60%
#73Stevie WonderSuperstition
60%
#89The Mamas and the PapasCalifornia Dreamin'
59%
#47The Jimi Hendrix ExperienceAll Along The Watchtower
58%
#2The Rolling StonesI Can't Get No Satisfaction
58%
#15The ClashLondon Calling
58%
#244Sly and the Family StoneStand!
58%
#21Bruce SpringsteenBorn to Run
57%
#182OutKastHey Ya!
57%
#35The DoorsLight My Fire
57%
#110Van MorrisonBrown Eyed Girl
56%
#170R.E.M.Losing My Religion
56%
#78James BrownI Got You (I Feel Good)
55%
#176The Rolling StonesPaint it, Black
55%
#76The BeatlesStrawberry Fields Forever
55%
#29The BeatlesHelp!
54%
#246The B-52sLove Shack
54%
#4Marvin GayeWhat's Going On
54%
#344Michael JacksonBeat It
53%
#194Amy WinehouseRehab
53%
#122Ben E. KingStand By Me
53%
#32The Rolling StonesSympathy For The Devil
53%
#123The AnimalsThe House of the Rising Sun
53%
#457Chubby CheckerThe Twist
53%
#52PrinceWhen Doves Cry
53%
#190AC/DCBack in Black
52%
#430Elvis PresleyBlue Suede Shoes
51%
#95Carl PerkinsBlue Suede Shoes
51%
#167Tracy ChapmanFast Car
51%
#16The BeatlesI Want To Hold Your Hand
51%
#165Sinead O'ConnorNothing Compares 2 U
51%
#245Elton JohnRocket Man
51%
#138The BeatlesEleanor Rigby
50%
#205The BeatlesCome Together
49%
#173AerosmithDream On
49%
#96Jerry Lee LewisGreat Balls of Fire
49%
#56The Sex PistolsAnarchy In The UK
48%
#384Pink FloydAnother Brick in the Wall Part 2
48%
#99Creedence Clearwater RevivalFortunate Son
48%
#259BlondieHeart of Glass
47%
#46David BowieHeroes
47%
#203BeckLoser
47%
#37Bob MarleyNo Woman, No Cry
47%
#156Creedence Clearwater RevivalProud Mary
47%
#365EurythmicsSweet Dreams (Are Made of This)
47%
#293Run-DMCWalk This Way
47%
#346AerosmithWalk This Way
47%
#28The BeatlesA Day In The Life
46%
#43Little RichardTutti Frutti
46%
#473Guns N' RosesWelcome to the Jungle
46%
#130SteppenwolfBorn to Be Wild
45%
#495The Rolling StonesBrown Sugar
45%
#193Lynyrd SkynyrdFree Bird
45%
#45Elvis PresleyHeartbreak Hotel
45%
#258AC/DCHighway to Hell
45%
#219Dolly PartonJolene
45%
#199The ChantelsMaybe
45%
#88The TemptationsMy Girl
45%
#456The BeatlesPenny Lane
45%
#286The White StripesSeven Nation Army
45%
#91Elvis PresleySuspicious Minds
45%
#179Tom PettyFree Fallin'
44%
#492Gloria GaynorI Will Survive
44%
#157Simon and GarfunkelThe Sounds of Silence
44%
#25The Beach BoysGod Only Knows
43%
#429Billy JoelPiano Man
43%
#338QueenWe Will Rock You
43%
#349The WhoBaba O'Riley
42%
#92RamonesBlitzkrieg Bop
42%
#72The Beach BoysCalifornia Girls
42%
#118Beyonce feat. Jay-ZCrazy in Love
42%
#405Blue Öyster Cult(Don't Fear) the Reaper
42%
#168Marvin GayeLet's Get It On
42%
#398The PoliceRoxanne
42%
#326Alice CooperSchool's Out
42%
#132U2With or Without You
42%
#80The KinksYou Really Got Me
42%
#137Elton JohnYour Song
42%
#14Bob DylanBlowing In The Wind
41%
#289BlondieCall Me
41%
#356Elton JohnCandle in the Wind
41%
#491Joan Jett and the BlackheartsI Love Rock 'N Roll
41%
#272U2Sunday Bloody Sunday
41%
#397Elton JohnTiny Dancer
41%
#264Jeff BuckleyHallelujah
40%
#253Black SabbathParanoid
40%
#228The ClashShould I Stay or Should I Go
40%
#119The Isley BrothersShout (Parts 1 and 2)
40%
#75Led ZeppelinWhole Lotta Love
40%
#499WeezerBuddy Holly
39%
#408MetallicaEnter Sandman
39%
#278The BeatlesSomething
39%
#159Bill Haley and His Comets(We're Gonna) Rock Around The Clock
39%
#215Prince1999
38%
#22The RonettesBe My Baby
38%
#452NirvanaCome As You Are
38%
#38The Rolling StonesGimme Shelter
38%
#93U2I Still Haven't Found What I'm Looking For
38%
#131Rod StewartMaggie May
38%
#233Marvin GayeSexual Healing
38%
#64The BeatlesShe Loves You
38%
#51Grandmaster Flash and the Furious FiveThe Message
38%
#82Fats DominoBlueberry Hill
37%
#120Fleetwood MacGo Your Own Way
37%
#306MadonnaLike A Prayer
37%
#107Bob DylanMr. Tambourine Man
37%
#79The ByrdsMr. Tambourine Man
37%
#388U2Pride (In the Name of Love)
37%
#434Deep PurpleSmoke on the Water
37%
#65CreamSunshine of Your Love
37%
#154The BeatlesA Hard Day's Night
36%
#432Green DayAmerican Idiot
36%
#175The Sex PistolsGod Save the Queen
36%
#23The BeatlesIn My Life
36%
#109PrinceLittle Red Corvette
36%
#294Barrett StrongMoney (That's What I Want)
36%
#147The B-52sRock Lobster
36%
#12Sam CookeA Change Is Gonna Come
35%
#392The VerveBitter Sweet Symphony
35%
#81Marvin GayeI Heard It Through the Grapevine
35%
#336The DoorsThe End
35%
#42The KinksWaterloo Sunset
35%
#57Procol HarumWhiter Shade of Pale
35%
#69Roy OrbisonCrying
34%
#44Ray CharlesGeorgia on my Mind
34%
#387Ray CharlesHit the Road Jack
34%
#30Johnny CashI Walk The Line
34%
#121The Jackson 5I Want You Back
34%
#464Prince and the RevolutionKiss
34%
#60Al GreenLet's Stay Together
34%
#41The BandThe Weight
34%
#53Percy SledgeWhen a Man Loves a Woman
34%
#40Martha Reeves and the VandellasDancing in the Street
33%
#390Elton JohnGoodbye Yellow Brick Road
33%
#141Led ZeppelinKashmir
33%
#181Joy DivisionLove Will Tear Us Apart
33%
#83The BeatlesNorwegian Wood (This Bird Has Flown)
33%
#412Rihanna Featuring Jay-ZUmbrella
33%
#374The Righteous BrothersUnchained Melody
33%
#223Lou ReedWalk on the Wild Side
33%
#10Ray CharlesWhat'd I say
33%
#136The BeatlesWhile My Guitar Gently Weeps
33%
#172Jay-Z99 Problems
32%
#321Pink FloydComfortably Numb
32%
#163Johnny CashFolsom Prison Blues
32%
#425N.W.A.Fuck tha Police
32%
#44850 CentIn Da Club
32%
#148Janis JoplinMe and Bobby McGee
32%
#236M.I.A.Paper Planes
32%
#33Ike And Tina TurnerRiver Deep - Mountain High
32%
#106Simon and GarfunkelThe Boxer
32%
#483Jefferson AirplaneWhite Rabbit
32%
#101The Rolling StonesYou Can't Always Get What You Want
32%
#34The Righteous BrothersYou've Lost That Loving Feeling
32%
#300Led ZeppelinBlack Dog
31%
#62Bo DiddleyBo Diddley
31%
#355Dr. Dre and 2PacCalifornia Love
30%
#490ColdplayClocks
30%
#63Buffalo SpringfieldFor What It's Worth
30%
#54The KingsmenLouie Louie
30%
#197Buddy HollyPeggy Sue
30%
#343The Rolling StonesWild Horses
30%
#345U2Beautiful Day
29%
#128David BowieChanges
29%
#451Sonny and CherI Got You Babe
29%
#317Black SabbathIron Man
29%
#192Bob DylanKnockin' on Heaven's Door
29%
#354Ritchie ValensLa Bamba
29%
#482Kelly ClarksonSince U Been Gone
29%
#68Bob DylanTangled Up in Blue
29%
#362Eric ClaptonTears in Heaven
29%
#59Bob DylanThe Times They Are A-Changin'
29%
#324Pink FloydWish You Were Here
29%
#370The BeatlesAll You Need is Love
28%
#125The Rolling StonesJumpin' Jack Flash
28%
#460George HarrisonMy Sweet Lord
28%
#459Guns N' RosesParadise City
28%
#134The WhoWon't Get Fooled Again
28%
#282David BowieZiggy Stardust
28%
#227James TaylorFire and Rain
27%
#334James BrownGet Up (I Feel Like Being a) Sex Machine
27%
#186The BeatlesPlease Please Me
27%
#66Bob Marley and the WailersRedemption Song
27%
#97Chuck BerryRoll Over Beethoven
27%
#279Jefferson AirplaneSomebody to Love
27%
#74Eddie CochranSummertime Blues
27%
#50Smokey Robinson And The MiraclesThe Tracks of My Tears
27%
#86Bruce SpringsteenThunder Road
27%
#238Buddy Holly and the CricketsEveryday
26%
#94Little RichardGood Golly, Miss Molly
26%
#104Donna SummerHot Stuff
26%
#224Roy OrbisonOh, Pretty Woman
26%
#446Salt 'n PepaPush It
26%
#469The BeatlesRain
26%
#251Sugarhill GangRapper's Delight
26%
#39Buddy Holly and the CricketsThat'll Be The Day
26%
#364Creedence Clearwater RevivalBad Moon Rising
25%
#295The BeatlesCan't Buy Me Love
25%
#183Booker T. and the MG'sGreen Onions
25%
#201The Jimi Hendrix ExperienceHey Joe
25%
#208Bill WithersLean On Me
25%
#71James BrownPapa's Got A Brand New Bag
25%
#257RadioheadParanoid Android
25%
#242Dusty SpringfieldSon of a Preacher Man
25%
#481Rick JamesSuper Freak
25%
#394The BeatlesTicket to Ride
25%
#261The TroggsWild Thing
25%
#377Depeche ModePersonal Jesus
24%
#489The DriftersUnder the Boardwalk
24%
#484Justin TimberlakeCry Me a River
23%
#330Public EnemyFight the Power
23%
#303Neil YoungHeart of Gold
23%
#116The Rolling StonesHonky Tonk Women
23%
#140The BeatlesI Saw Her Standing There
23%
#149Iggy PopLust For Life
23%
#472Del ShannonRunaway
23%
#327Franz FerdinandTake Me Out
23%
#70Dionne WarwickWalk On By
23%
#316Tina TurnerWhat's Love Got to Do With It
23%
#311The BeatlesWith a Little Help From My Friends
23%
#332The SupremesBaby Love
22%
#444Elvis PresleyLove Me Tender
22%
#18Chuck BerryMaybellene
22%
#416AerosmithSweet Emotion
22%
#61Jerry Lee LewisWhole Lotta Shakin' Going On
22%
#285Bill WithersAin't No Sunshine
21%
#403Elvis PresleyCan't Help Falling in Love
21%
#435U2New Year's Day
21%
#169The TemptationsPapa Was a Rollin' Stone
21%
#310The Rolling StonesRuby Tuesday
21%
#102The Jimi Hendrix ExperienceVoodoo Child (Slight Return)
21%
#256Mott the HoopleAll the Young Dudes
20%
#450Bob Marley and the WailersI Shot the Sheriff
20%
#145RamonesI Wanna Be Sedated
20%
#479ForeignerI Want to Know What Love Is
20%
#423Don HenleyThe Boys of Summer
20%
#211ThemGloria
19%
#55Little RichardLong Tall Sally
19%
#439Gladys Knight and the PipsMidnight Train to Georgia
19%
#341Norman GreenbaumSpirit in the Sky
19%
#443The Rolling StonesBeast of Burden
18%
#308Rod StewartDa Ya Think I'm Sexy?
18%
#418Donna SummerI Feel Love
18%
#488The CureJust Like Heaven
18%
#347Paul McCartneyMaybe I'm Amazed
18%
#231Van MorrisonMoondance
18%
#305BlondieOne Way or Another
18%
#24The ImpressionsPeople Get Ready
18%
#204New OrderBizarre Love Triangle
17%
#171Joni MitchellBoth Sides Now
17%
#466Missy ElliotGet Ur Freak On
16%
#229ChicGood Times
16%
#328Led ZeppelinHeartbreaker
16%
#375Bee GeesHow Deep Is Your Love
16%
#177The Bobby Fuller FourI Fought the Law
16%
#478The StrokesLast Nite
16%
#98Al GreenLove and Happiness
16%
#498The Rolling StonesMiss You
16%
#401The Lovin' SpoonfulSummer in the City
16%
#376CreamWhite Room
16%
#323Elvis CostelloAllison
15%
#265Stevie WonderHigher Ground
15%
#415NirvanaIn Bloom
15%
#255Bobby DarinMack the Knife
15%
#342The Velvet UndergroundSweet Jane
15%
#142The Everly BrothersAll I Have to Do Is Dream
14%
#146Sly and the Family StoneEveryday People
14%
#288Joni MitchellHelp Me
14%
#477The SmithsHow Soon Is Now?
14%
#90The Five SatinsIn the Still of the Night
14%
#273Kanye WestJesus Walks
14%
#424The Notorious B.I.G.Juicy
14%
#369Roberta FlackKilling Me Softly With His Song
14%
#105Stevie WonderLiving For The City
14%
#307Daft PunkOne More Time
14%
#353Big Brother and the Holding CompanyPiece of My Heart
14%
#276The Beach BoysSloop John B
14%
#471Cheap TrickSurrender
14%
#195Glen CampbellWichita Lineman
14%
#210The Everly BrothersBye Bye Love
13%
#302Bob Marley and the WailersGet Up, Stand Up
13%
#455The Velvet UndergroundHeroin
13%
#262The WhoI Can See For Miles
13%
#386Yeah Yeah YeahsMaps
13%
#301The Rolling StonesStreet Fighting Man
13%
#359Little EvaThe Loco-motion
13%
#207Otis ReddingTry a Little Tenderness
13%
#462NirvanaAll Apologies
12%
#200Elvis PresleyDon't Be Cruel
12%
#178The Beach BoysDon't Worry Baby
12%
#151The ByrdsEight Miles High
12%
#320Screamin' Jay HawkinsI Put a Spell on You
12%
#232Bob DylanJust Like a Woman
12%
#454The Shangri-LasLeader of the Pack
12%
#366The Jimi Hendrix ExperienceLittle Wing
12%
#395Crosby, Stills, Nash and YoungOhio
12%
#283The CurePictures of You
12%
#440Led ZeppelinRamble On
12%
#129Chuck BerryRock & Roll Music
12%
#351DionRunaround Sue
12%
#297The ZombiesShe's Not There
12%
#304PrinceSign O' The Times
12%
#493MGMTTime to Pretend
12%
#433Rolling StonesTumbling Dice
12%
#188Creedence Clearwater RevivalWho'll Stop The Rain
12%
#486David BowieYoung Americans
12%
#115Sam CookeYou Send Me
12%
#103Gene Vincent and His Blue CapsBe-Bop-A-Lula
11%
#252Aretha FranklinChain of Fools
11%
#322The AnimalsDon't Let Me Be Misunderstood
11%
#212The Beach BoysIn My Room
11%
#381TelevisionMarquee Moon
11%
#447John Cougar MellencampPink Houses
11%
#480Beastie BoysSabotage
11%
#372The Box TopsThe Letter
11%
#361Elvis PresleyAll Shook Up
10%
#150The Everly BrothersCathy's Clown
10%
#187Bob DylanDesolation Row
10%
#218The Lovin' SpoonfulDo You Believe in Magic
10%
#152The PenguinsEarth Angel
10%
#139Sly and the Family StoneFamily Affair
10%
#247The Spencer Davis GroupGimme Some Lovin'
10%
#494R. KellyIgnition (Remix)
10%
#239Ray CharlesI Got a Woman
10%
#112Hank WilliamsI'm So Lonesome I Could Cry
10%
#135Wilson PickettIn the Midnight Hour
10%
#445The StoogesI Wanna Be Your Dog
10%
#485LaBelleLady Marmalade
10%
#108Buddy Holly and the CricketsNot Fade Away
10%
#427Dr. DreNuthin' But a 'G' Thang
10%
#216Neil YoungRockin' In The Free World
10%
#461RamonesSheena Is a Punk Rocker
10%
#340Bob DylanSubterranean Homesick Blues
10%
#117Al GreenTake Me to the River
10%
#379The Jimi Hendrix ExperienceThe Wind Cries Mary
10%
#298The ClashTrain in Vain
10%
#114The DriftersUp on the Roof
10%
#318The Everly BrothersWake Up Little Susie
10%
#414CarpentersWe've Only Just Begun
10%
#382Sam CookeWonderful World
10%
#467Jay-Z Featuring UGKBig Pimpin'
9%
#225Sly and the Family StoneDance to the Music
9%
#153The Jimi Hendrix ExperienceFoxey Lady
9%
#378Bo DiddleyI'm a Man
9%
#474Van MorrisonInto the Mystic
9%
#77Elvis PresleyMystery Train
9%
#234Roy OrbisonOnly the Lonely
9%
#155Buddy Holly and the CricketsRave On
9%
#209The Four TopsReach Out, I'll Be There
9%
#213? and the Mysterians96 Tears
8%
#220John Lee HookerBoom Boom
8%
#214The Beach BoysCaroline, No
8%
#284The Dixie CupsChapel of Love
8%
#385RadioheadFake Plastic Trees
8%
#189Aretha FranklinI Never Loved a Man (the Way I Love You)
8%
#158The FlamingosI Only Have Eyes for You
8%
#417PixiesMonkey Gone to Heaven
8%
#426Crosby, Stills, and NashSuite: Judy Blue Eyes
8%
#277Chuck BerrySweet Little Sixteen
8%
#185B.B. KingThe Thrill is Gone
8%
#363Elvis CostelloWatching the Detectives
8%
#235The AnimalsWe Gotta Get Out of This Place
8%
#314Frankie Lymon and the TeenagersWhy Do Fools Fall in Love
8%
#287Stevie WonderYou Are the Sunshine of My Life
8%
#458Sam CookeCupid
7%
#333The Young RascalsGood Lovin'
7%
#275George JonesHe Stopped Loving Her Today
7%
#380The WhoI Can't Explain
7%
#164Ray CharlesI Can't Stop Loving You
7%
#241Patsy ClineI Fall to Pieces
7%
#281The Staple SingersI'll Take You There
7%
#487Alice CooperI'm Eighteen
7%
#496Jackson BrowneRunning on Empty
7%
#127Big Joe TurnerShake, Rattle & Roll
7%
#113Elvis PresleyThat's All Right
7%
#497Bruce SpringsteenThe Rising
7%
#243DionThe Wanderer
7%
#393The Allman Brothers BandWhipping Post
7%
#202ParliamentFlash Light
6%
#373Bob DylanHighway 61 Revisited
6%
#339Bonnie RaittI Can't Make You Love Me
6%
#124James BrownIt's A Man's Man's Man's World
6%
#441Wilson PickettMustang Sally
6%
#240Afrika Bambaataa and the Soul Sonic ForcePlanet Rock
6%
#206Bob DylanPositively 4th Street
6%
#389R.E.M.Radio Free Europe
6%
#465Muddy WatersRollin' Stone
6%
#291Howlin' WolfSmokestack Lightning
6%
#360The PlattersThe Great Pretender
6%
#411Eddie CochranC'mon Everybody
5%
#476Aretha FranklinDo Right Woman - Do Right Man
5%
#226Muddy WatersHoochie Coochie Man
5%
#161The Velvet UndergroundI'm Waiting for the Man
5%
#319Roy OrbisonIn Dreams
5%
#399The TemptationsJust My Imagination
5%
#315Jackie WilsonLonely Teardrops
5%
#230Muddy WatersMannish Boy
5%
#419Bobby GentryOde to Billie Joe
5%
#402The Five StairstepsO-o-h Child
5%
#271New York DollsPersonality Crisis
5%
#143James Brown and His Famous FlamesPlease, Please, Please
5%
#274The Modern LoverRoadrunner
5%
#268Randy NewmanSail Away
5%
#184The DriftersSave the Last Dance for Me
5%
#463Sam and DaveSoul Man
5%
#410Sly and the Family StoneThank You (Falettinme Be Mice Elf Agin)
5%
#313The JamThat's Entertainment
5%
#249The BandThe Night They Drove Old Dixie Down
5%
#409The ShirellesTonight's the Night
5%
#413Bob DylanVisions of Johanna
5%
#437The Clash(White Man) in Hammersmith Palais
5%
#133Bo DiddleyWho Do You Love?
5%
#126The ShirellesWill You Love Me Tomorrow
5%
#248Jackie Wilson(Your Love Keeps Lifting Me) Higher and Higher
5%
#309Wille NelsonBlue Eyes Crying in the Rain
4%
#329Neil YoungCortez the Killer
4%
#331Patti Smith GroupDancing Barefoot
4%
#250Sly and the Family StoneHot Fun in the Summertime
4%
#260Bob DylanMississippi
4%
#263The DellsOh, What A Night
4%
#266Smokey Robinson and the MiraclesOoo Baby Baby
4%
#404The Shangri-LasRemember (Walkin' in the Sand)
4%
#468The Staple SingersRespect Yourself
4%
#500Smokey Robinson and the MiraclesShop Around
4%
#358Ben E. KingSpanish Harlem
4%
#270Archie Bell and the DrellsTighten Up
4%
#222The Left BankeWalk Away Renee
4%
#431The SmithsWilliam, It Was Really Nothing
4%
#348The SupremesYou Keep Me Hanging On
4%
#217Hank WilliamsYour Cheatin' Heart
4%
#442LoveAlone Again Or
3%
#400The Four TopsBaby I Need Your Loving
3%
#162Public EnemyBring The Noise
3%
#449The Dell-VikingsCome Go With Me
3%
#436Solomon BurkeEverybody Needs Somebody to Love
3%
#267The CrystalsHe's A Rebel
3%
#428The Isley BrothersIt's Your Thing
3%
#111Otis ReddingI've Been Loving You too Long (to Stop Now)
3%
#325Jimmy CliffMany Rivers to Cross
3%
#312James BrownSay It Loud - I'm Black and I'm Proud
3%
#180Big StarSeptember Gurls
3%
#196The DriftersThere Goes My Baby
3%
#406Big StarThirteen
3%
#299Al GreenTired of Being Alone
3%
#290Elvis Costello and the Attractions(What's So Funny About) Peace, Love, and Understanding
3%
#383Chuck BerryBrown Eyed Handsome Man
2%
#254The DriftersMoney Honey
2%
#367Martha and the VandellasNowhere to Run
2%
#391Aaron NevilleTell It Like It Is
2%
#420Little RichardThe Girl Can't Help It
2%
#350Jimmy ClliffThe Harder They Come
2%
#422The Four TopsCan't Help Myself
1%
#371The ClashComplete Control
1%
#335Jerry Butler and the ImpressionsFor Your Precious Love
1%
#368Muddy WatersGot My Mojo Working
1%
#237The ByrdsI'll Feel a Whole Lot Better
1%
#352Lavern BakerJim Dandy
1%
#396Eric B. and RakimKnow You Got Soul
1%
#160U2Moment of Surrender
1%
#453Toots and the MaytalsPressure Drop
1%
#221Howlin' WolfSpoonful
1%
#470The Four TopsStanding in the Shadows of Love
1%
#292PavementSummer Babe (Winter Version)
1%
#357The Isley BrothersThat Lady (Part 1 and 2)
1%
#269The RonettesWalking in the Rain
1%
#337Earth, Wind and FireWay of the World
1%
#421The CoastersYoung Blood
1%
#438Fats DominoAin't It a Shame
0%
#475The SupremesWhere Did Your Love Go
0%

Score Distribution

Percentile by Number Answered

Percent of People with Each Score

Your Score History

You have not taken this quiz